000 00791nam a2200205 i 4500
001 152990
003 ES-MaACL
005 20251012173456.0
008 940301s1788 sp |||| | spa d
040 _aAR
_bspa
245 0 0 _aCartas de un español residente en París á su hermano residente en Madrid sobre la Oracion apologética por la España y su mérito literario de Don Juan Pablo Forner...
260 _aMadrid :
_ben la Imprenta Real,
_c1788.
300 _a278, [2] p. ;
_c16 cm.
500 _aLa última carta firmada en París, el 5 de septiembre de 1787.
597 _aSign.: A-R8, S4.
597 _aPort. con esc. real xil.
600 1 4 _aForner, Juan Pablo,
_d1756-1797
_951775
852 _aES-MaACL
_jR-496
_z-- Enc. perg
_xOlim: D-2743
999 _c152990
_d152990